Късното шоу (Запис номер 322638)
[ съкратено ]
| 000 -Лидер | |
|---|---|
| Контролно поле с фиксирана дължина | 01284aam a2200349 a 4500 |
| 003 - Код на организацията, давaща контролен номер | |
| Контролно поле | BLK |
| 005 - Дата и час на последна редакция | |
| Контролно поле | 20250206145214.0 |
| 008 - Елементи от данни с фиксирана дължина | |
| fixed length control field | 180606b bul||||| |||| 00| 0 bul d |
| 020 ## - Международен стандартен номер на книга ISBN | |
| Международен стандартен номер на книга ISBN | 9789546558336 |
| 040 ## - Източник на каталожния запис | |
| Идентификатор на билиотеката - собственик на записа | BLK |
| 041 ## - Код за език | |
| Код за езика на текст/звукозапис или на отделно заглавие | Български |
| Код за езика КДБФ | Български |
| 072 ## - Код за тематичната категория | |
| 9 (RLIN) | 178277 |
| Код за тематична категория | Н8301 |
| Текст | Трилъри Н |
| 080 ## - УДК | |
| Текстов определител УДК | Американска литература (на САЩ) |
| УДК код - определител по УДК | 821.111(73) |
| УДК определител | -312.4 |
| УДК - код + определител | 821.111(73)-312.4 |
| 100 ## - Редна дума - Автор | |
| Автор | Конъли, Майкъл |
| Авторска отговорност | първи автор |
| R(LIN) | 1299 |
| 139 ## - Редно поле | |
| Редна дума | Конъли, Майкъл |
| Авторски знак | Конф - К 84 |
| 245 ## - Сведения за заглавието | |
| Заглавие | Късното шоу |
| Подзаглавни данни | роман |
| Редно поле (дума) | Майкъл Конъли ; прев. Владимир Германов |
| 257 ## - Страна на издаване | |
| Страна на създаване/издаване | Съединени американски щати |
| 260 ## - Област на издателските данни | |
| Име на издателя, разпространителя и проч. | Бард |
| Година на издаване | 2018 |
| Място на издаване, разпространение и проч. | София |
| Печатница | София : Алианд принт |
| 300 ## - Физическа характеристика | |
| Страници | 379 с. |
| Размери/Мащаб | 20 см |
| 380 ## - Жанр | |
| Жанр | Худож. лит. |
| 490 ## - СЕРИИ (Колекции) | |
| 9 (RLIN) | 201353 |
| Име на серия | Кралете на трилъра |
| 500 ## - Общи забележки | |
| Забележка | Офс. изд. The Late Show / Michael Connelly. - Офс. изд. |
| 659 #7 - Тематичен бюлетин | |
| 9 (RLIN) | 178160 |
| Тематичен бюлетин | Н |
| Тематичен бюлетин - текст | Нови книги |
| 700 ## - Други автори (авторска отговорност) | |
| Лично име | Германов, Владимир Милчев |
| Дати, свързани с автора | 1958- |
| 9 (RLIN) | 365098 |
| 765 ## - Описание на заглавието на оригиналният език | |
| Редна дума на основното описание | The Late Show |
| Поясняваща информация | Connelly, Michael |
| 852 ## - Местоположение | |
| Форматна сигнатура | Цб 292790 |
| 942 ## - АРТИКУЛИ | |
| Вид на библиотечния материал | Книги |
| Източник на класификационната схема | Universal Decimal Classification |
| Скрит в OPAC | Не |
| Koha issues (borrowed), all copies | 86 |
| 944 ## - СЪЗДАВАНЕ И РЕДАКЦИЯ на ЗАПИСА | |
| Създаване/Редакция | Редакция |
| Дата на регистрацията/редакция | 2018-12-18 |
| Статус, дата на статуса | Иваничка Йорданова |
| Служител, извършил регистрацията/редакцията | 30553 |
| 999 ## - СИСТЕМНИ КОНТРОЛНИ НОМЕРА | |
| Koha biblionumber | 322638 |
| Koha biblioitemnumber | 322638 |
| 999 ## - СИСТЕМНИ КОНТРОЛНИ НОМЕРА | |
| Koha biblioitemnumber | 322638 |
| 999 ## - СИСТЕМНИ КОНТРОЛНИ НОМЕРА | |
| Koha biblioitemnumber | 322638 |
| 999 ## - СИСТЕМНИ КОНТРОЛНИ НОМЕРА | |
| Koha biblioitemnumber | 322638 |
| Код за отписване | Код за изгубен артикул | Източник на класификационната схема | Код за повреда | Коз за рестрикции | Код за отдаване | Артикулен № | Име на библиотеката - собственик | Име на библиотеката, в която се намира в момента | Статус (Текущо местоположение) | Дата на вписване в системата | Местоположение - отдел | Цена в лева | Инвентарен номер | Систематично азбучна сигнатура | Баркод | Цена в евро | Служебен тип на артикула |
|---|---|---|---|---|---|---|---|---|---|---|---|---|---|---|---|---|---|
| Изтеглен | Не е изгубен | Universal Decimal Classification | Не е повреден | без рестрикции | заемане за дома | 676765 | Регионална библиотека "Любен Каравелов" Русе | Регионална библиотека "Любен Каравелов" Русе | Заемна - подръчен фонд | 2018-05-22 | Заемна - подръчен фонд | 11.20 | 120000820573 | П 820(73)-31/К 84 | 120000820573 | 5.73 | Книги |
| Изтеглен | Не е изгубен | Universal Decimal Classification | Не е повреден | без рестрикции | заемане за дома | 677194 | Регионална библиотека "Любен Каравелов" Русе | Регионална библиотека "Любен Каравелов" Русе | Заемна - подръчен фонд | 2018-06-05 | Заемна - подръчен фонд | 12.00 | 120000820490 | П 820(73)-31/К 84 | 120000820490 | 6.14 | Книги |
| Не е изгубен | Universal Decimal Classification | Не е повреден | без рестрикции | ползва се в читалня | 687399 | Регионална библиотека "Любен Каравелов" Русе | Регионална библиотека "Любен Каравелов" Русе | Хранилище | 2018-12-19 | Хранилище | 15.99 | Цб 292790 | 120000827810 | 8.18 | Книги |